Glass Palace (Record no. 1679618)

MARC details
000 -LEADER
fixed length control field 00618nam a22002177a 4500
005 - DATE AND TIME OF LATEST TRANSACTION
control field 20260213145623.0
008 - FIXED-LENGTH DATA ELEMENTS--GENERAL INFORMATION
fixed length control field 260213b |||||||| |||| 00| 0 eng d
020 ## - INTERNATIONAL STANDARD BOOK NUMBER
International Standard Book Number 9780007427468
037 ## - SOURCE OF ACQUISITION
Terms of availability TB
040 ## - CATALOGING SOURCE
Original cataloging agency CRL
Transcribing agency CRL
084 ## - COLON CLASSIFICATION NUMBER
Classification number O111,3N56,GP Q4
Assigning agency CRL
100 ## - MAIN ENTRY--PERSONAL NAME
Personal name Ghosh,Amitabh
9 (RLIN) 1115719
245 ## - TITLE STATEMENT
Title Glass Palace
260 ## - PUBLICATION, DISTRIBUTION, ETC.
Place of publication, distribution, etc. UK:
Name of publisher, distributor, etc. HarperCollins,
Date of publication, distribution, etc. 2000.
300 ## - PHYSICAL DESCRIPTION
Extent 551p.
365 ## - TRADE PRICE
Price amount 350
Currency code INR
650 ## - SUBJECT ADDED ENTRY--TOPICAL TERM
Topical term or geographic name entry element English Litrature
9 (RLIN) 1115720
650 ## - SUBJECT ADDED ENTRY--TOPICAL TERM
Topical term or geographic name entry element English Fiction
9 (RLIN) 1115721
942 ## - ADDED ENTRY ELEMENTS (KOHA)
Source of classification or shelving scheme Colon Classification (CC)
Koha item type Textbook
Classification part O111,3N56,GP Q4
Suppress in OPAC No
Holdings
Withdrawn status Lost status Source of classification or shelving scheme Damaged status Not for loan Home library Current library Date acquired Source of acquisition Cost, normal purchase price Total Checkouts Date last seen Price effective from Koha item type
    Colon Classification (CC)     Central Library Central Library 2026-02-13 Gift 350.00   2026-02-13 2026-02-13 Textbook
Copyright @ Delhi University Library System